Wereldtentoonstellingen - Sudden Death - in Nederland of onder NL vlag - Statistieken

Algemene statistieken
  • Deze quiz is 16 keer genomen
  • De gemiddelde score is 6 van 11
Answers on the Grid
Answers color-coded by a green-red scale on the quiz's grid according to % correct below.
Almere
Amsterdam
Amsterdam
Den Haag
Amsterdam
Amsterdam
Venlo
Eindhoven
Semarang
Haarlemmermeer
Haarlem
Rotterdam
Zoetermeer
Utrecht
Amsterdam
 
Antwoordstatistieken
Antwoord % Correct
Almere
75%
Amsterdam
75%
Amsterdam
75%
Amsterdam
75%
Amsterdam
75%
Amsterdam
50%
Haarlemmermeer
50%
Rotterdam
50%
Zoetermeer
25%
Semarang
0%
Venlo
0%
Geen overeenkomende quizzen gevonden
Scoreverdeling
Procent van Mensen met Elke Score
Percentiel versus Aantal Correcte Antwoorden
Uw Scoregeschiedenis
U heeft deze quiz nog niet genomen